|
|
|
|
| LEADER |
00000cam a2200000 i 4500 |
| 001 |
1/99744 |
| 008 |
000128s1926 eng d |
| 035 |
|
|
|l 10057003
|
| 040 |
|
|
|a GR-MY-UA
|b gre
|e aacr
|
| 041 |
0 |
|
|a eng
|
| 082 |
0 |
|
|a 937
|
| 100 |
1 |
|
|a Rose, H. J.
|q (Herbert Jennings),
|d 1883-1961.
|
| 245 |
1 |
0 |
|a Primitive culture in Italy /
|c H. J. Rose
|
| 260 |
|
|
|a London :
|b Methuen,
|c 1926
|
| 300 |
|
|
|a ix, 253 p.
|
| 504 |
|
|
|a Includes bibliographical references and index
|
| 651 |
|
0 |
|a Rome
|x Civilization.
|
| 651 |
|
0 |
|a Rome
|x Social conditions.
|
| 651 |
|
0 |
|a Italy
|x Civilization
|y To 476.
|
| 852 |
|
|
|a INST
|b LESVOS
|e 20000128
|h 937 ROS
|p 005100022526
|q 005100022526
|t BK
|y 0
|
| 901 |
|
|
|a BIBL1-2000-1
|
| 909 |
|
|
|a Λ
|b 034987
|
| 970 |
|
|
|a ΑΙΒΑΤΖΙΔΟΥ
|b ΕΛΕΝΗ
|z 2000/01/28
|